| 000 | 00702nam a2200193 4500 | ||
|---|---|---|---|
| 001 | 114077 | ||
| 003 | ES-MaACL | ||
| 005 | 20230906190055.0 | ||
| 007 | t| | ||
| 008 | 061121s1949 sp r ||||1| spa d | ||
| 100 | 1 |
_aNosti Nava, Jaime. _986020 |
|
| 245 | 1 | 0 |
_aCómo es y cómo se poda el cafeto `Liberia` / _cJaime Nosti Nava. |
| 260 |
_aMadrid : _bInstituto de Estudios Africanos, _c1949. |
||
| 300 |
_a105 p., 3 lám. : _bil. ; _c22 cm. |
||
| 500 | _aPrecede al Tit : Consejo Superior de Investigaciones Científicas. | ||
| 710 | 2 |
_aInstituto de Estudios Africanos. _94881 |
|
| 710 | 2 |
_aConsejo Superior de Investigaciones Científicas (España) _93236 |
|
| 852 |
_aES-MaACL _j1900-F-8 _bR.28804 |
||
| 999 |
_c114077 _d114077 |
||